Nghiên cứu đánh giá ảnh hưởng của các lò gạch ở huyện Chợ Mới tỉnh An Giang đến chất lượng không khí xung quanh : Luận văn Thạc sĩ. Chuyên ngành: Vật lí thuyết và vật lí toán
Tìm hiểu các phương pháp xử lý dữ liệu quan trắc để tính các hệ số khuếch tán rối đứng và ngang sử dụng cho mô hình Berkiand.
保存先:
| 第一著者: | |
|---|---|
| フォーマット: | 図書 |
| 言語: | Undetermined |
| 出版事項: |
Cần Thơ
Đại học Cần Thơ
2011
|
| 主題: | |
| タグ: |
タグ追加
タグなし, このレコードへの初めてのタグを付けませんか!
|
| Thư viện lưu trữ: | Trung tâm Học liệu Trường Đại học Cần Thơ |
|---|
| LEADER | 01301nam a2200229Ia 4500 | ||
|---|---|---|---|
| 001 | CTU_170848 | ||
| 008 | 210402s9999 xx 000 0 und d | ||
| 082 | |a 363.7392 | ||
| 082 | |b Qu106 | ||
| 088 | |a 604401 | ||
| 100 | |a Nguyễn, Huyền Quang | ||
| 245 | 0 | |a Nghiên cứu đánh giá ảnh hưởng của các lò gạch ở huyện Chợ Mới tỉnh An Giang đến chất lượng không khí xung quanh : | |
| 245 | 0 | |b Luận văn Thạc sĩ. Chuyên ngành: Vật lí thuyết và vật lí toán | |
| 245 | 0 | |c Nguyễn Huyền Quang ; Lê Thị Quỳnh Hà (Hướng dẫn khoa học) | |
| 260 | |a Cần Thơ | ||
| 260 | |b Đại học Cần Thơ | ||
| 260 | |c 2011 | ||
| 520 | |a Tìm hiểu các phương pháp xử lý dữ liệu quan trắc để tính các hệ số khuếch tán rối đứng và ngang sử dụng cho mô hình Berkiand. | ||
| 650 | |a Air pollution,Air,Hệ thống thông tin địa lý,Ô nhiễm không khí,Không khí,Geographic Information Systems | ||
| 650 | |x Pollution,Meteorological aspects,Sự ô nhiễm,Khía cạnh khí tượng | ||
| 904 | |i Hồng Cẩm | ||
| 980 | |a Trung tâm Học liệu Trường Đại học Cần Thơ | ||